000 00777nam a2200229Ii 4500
003 JO-AjNU
008 230605s9999||||xx |||||||||||||| ||und||
017 _a2004/7244
020 _a977-270-843-4
040 _aJO-AjNU
_bara
_erda
_cJO-AjNU
041 _aara
050 1 4 _aGV721.5.S5234 2004
100 3 _aشاكر، فؤاد,
_eauthor
_915318
245 0 0 _aحصاد القرن العشرين: الألعاب الرياضية، 8
250 _aط1
264 3 1 _aالقاهرة: الدار المصرية اللبنانية، 2004
300 _a298ص
_bصور توضبحية
336 _atext
_btxt
_2rdacontent
337 _aunmediated
_bn
_2rdamedia
338 _avolume
_bnc
_2rdacarrier
650 4 _aالالعاب الرياضية - القرن العشرين
_915319
999 _aA4297
_c7865
_d7865